Logo BPK

Biblioteka

Politechniki Koszalińskiej

Target vocabulary 1 : (Rekord nr 40397)

Szczegóły MARC
000 -ETYKIETA REKORDU
podpole kontrolne o stałej długości 00593nam a2200217 i 4500
001 - NUMER KONTROLNY REKORDU
pole kontrolne bg
020 ## - MIĘDZYNARODOWY ZNORMALIZOWANY NUMER KSIĄŻKI - ISBN
ISBN 014081387X
040 ## - ŹRÓDŁO KATALOGOWANIA
Instytucja, która utworzyła rekord BPK
041 0# - KOD JĘZYKA
Kod języka tekstu en
080 ## - UNIWERSALNA KLASYFIKACJA DZIESIĘTNA - UKD
UKD 811.111'37(07)
920 ## - Międzynarodowy znormalizowany numer książki – ISBN
ISBN 0-14-081387-X
008 - POLE O STAŁEJ DŁUGOŚCI - DANE KONTROLNE
podpole kontrolne o stałej długości s pl f |000 0 pol
100 1# - NAZWA OSOBOWA
Nazwa osobowa WATCYN-JONES, Peter
245 10 - TYTUŁ/ODPOWIEDZIALNOŚĆ
Tytuł Target vocabulary 1 :
Ciąg dalszy tytułu [elementary / pre-intermediate] /
Pozostałe elementy strefy tytułu i oznaczenia odpowiedzialności Peter Watcyn-Jones.
250 ## - STREFA WYDANIA
Oznaczenie wydania 3rd impr.
260 ## - STREFA ADRESU WYDAWNICZEGO
Miejsce wydania London :
Nazwa wydawcy/dystrybutora Penguin Books,
Data publikacji, dystrybucji/powstania dokumentu 2000.
300 ## - STREFA OPISU FIZYCZNEGO
Objętość IV, 153 s. :
Inne cechy fizyczne rys. ;
Rozmiary 24 cm.
650 #9 - HASŁO PRZEDMIOTOWE W FORMIE NAZWY OGÓLNEJ LUB JEDNOSTKOWEJ
Nazwa ogólna lub geograficzna Język angielski
Określnik ogólny słownictwo
655 ## - TERMIN INDEKSOWY - OKREŚLENIE RODZAJU/FORMY DOKUMENTU
Określenie rodzaju/formy dokumentu Podręczniki
942 ## - DODATKOWE ELEMENTY (KOHA)
Typ dokumentu Książka
Egzemplarze
Wycofany Status egzemplarza Uszkodzony Dostępność Lokalizacja stała Lokalizacja bieżąca Miejsce przechowywania Sygnatura Kod kreskowy Typ dokumentu
      Tylko na miejscu Biblioteka Politechniki Koszalińskiej Biblioteka Politechniki Koszalińskiej Czytelnia Wydziałowa ul. Kwiatkowskiego 6e 61144 01636192 Książka
© 2023 Biblioteka Politechniki Koszalińskiej :: KOHA